[Event "Euskadi-ch U18"]
[Site "Eibar"]
[Date "2019.04.24"]
[Round "2"]
[White "De Las Heras Figueroa, Rodrigo"]
[Black "Pereira Lopez, Aketza"]
[Result "1/2-1/2"]
[WhiteElo "1918"]
[BlackElo "1810"]
[PlyCount "89"]
[EventDate "2019.04.23"]
[EventType "swiss"]
[EventRounds "7"]
[EventCountry "ESP"]
[SourceTitle "EXT 2020"]
[Source "ChessBase"]
[SourceDate "2019.10.17"]
[SourceVersion "1"]
[SourceVersionDate "2019.10.17"]
[SourceQuality "1"]

1. d4 g6 2. Nf3 Bg7 3. c4 Nf6 4. g3 0-0 5. Bg2 d6 6. 0-0 Nbd7 7. Nc3 c5 8. d5 Ng4 9. Qc2 Nge5 10. Nd2 Qa5 11. h3 Nb6 12. Nce4 Qa6 13. Rd1 Nbxc4 14. Nxc4 Nxc4 15. e3 Ne5 16. a4 b6 17. Bd2 Qb7 18. Bc3 a6 19. f4 Nd7 20. Ng5 b5 21. Bxg7 Kxg7 22. Ne6+ fxe6 23. dxe6 Qb8 24. Bxa8 Nb6 25. Bd5 Nxd5 26. Rxd5 Bxe6 27. Rd2 Bxh3 28. Rh2 Be6 29. Qe4 Rf6 30. g4 d5 31. Qc2 Qb6 32. axb5 axb5 33. g5 Rf8 34. Kg2 Bf5 35. Qd2 Be4+ 36. Kg3 b4 37. b3 c4 38. bxc4 dxc4 39. Ra6 Qxa6 40. Qd4+ Kg8 41. Qxe4 Rf7 42. Rc2 c3 43. Qxb4 Qd6 44. Qxd6 exd6 45. Rxc3 1/2-1/2

[Event "Euskadi-ch U18"]
[Site "Eibar"]
[Date "2019.04.23"]
[Round "1"]
[White "Pereira Lopez, Aketza"]
[Black "Apellaniz Perez, Estibaliz"]
[Result "1-0"]
[WhiteElo "1810"]
[BlackElo "1359"]
[PlyCount "69"]
[EventDate "2019.04.23"]
[EventType "swiss"]
[EventRounds "7"]
[EventCountry "ESP"]
[SourceTitle "EXT 2020"]
[Source "ChessBase"]
[SourceDate "2019.10.17"]
[SourceVersion "1"]
[SourceVersionDate "2019.10.17"]
[SourceQuality "1"]

1. g3 Nc6 2. Bg2 d5 3. d3 Nf6 4. Nd2 Bg4 5. a3 e6 6. b4 Be7 7. Bb2 0-0 8. Ngf3 Rb8 9. 0-0 Bd6 10. c4 Re8 11. h3 Bh5 12. Rc1 Ne7 13. c5 Bxc5 14. Rxc5 Nc6 15. Ne5 Nxe5 16. Bxe5 Rc8 17. Bxf6 Qxf6 18. Nf3 Bg6 19. Qc2 c6 20. b5 e5 21. Nh4 Bf5 22. Nxf5 Qxf5 23. bxc6 bxc6 24. Rxc6 Qd7 25. Rc1 Rb8 26. Rc7 Qe6 27. Qc5 Qa6 28. Bxd5 Rf8 29. Rxa7 Qf6 30. Qe7 Qxe7 31. Rxe7 h6 32. Rcc7 Rb6 33. Bxf7+ Kh7 34. Bd5 Kh8 35. Rxg7 1-0

[Event "Gibraltar Challengers op-B"]
[Site "Caleta"]
[Date "2019.01.26"]
[Round "1"]
[White "Pereira Lopez, Aketza"]
[Black "Verneuil, Pascal"]
[Result "0-1"]
[WhiteElo "1861"]
[BlackElo "2114"]
[PlyCount "78"]
[EventDate "2019.01.26"]
[EventType "swiss"]
[EventRounds "5"]
[EventCountry "GGB"]
[SourceTitle "CBM 188 Extra"]
[Source "ChessBase"]
[SourceDate "2019.02.26"]
[SourceVersion "1"]
[SourceVersionDate "2019.02.26"]
[SourceQuality "1"]

1. e4 c5 2. Nc3 Nc6 3. g3 g6 4. Bg2 Bg7 5. d3 Rb8 6. a4 a6 7. Be3 d6 8. Nge2 Nd4 9. 0-0 h5 10. h3 b5 11. axb5 axb5 12. Qd2 Bxh3 13. Bxd4 cxd4 14. Bxh3 dxc3 15. bxc3 b4 16. d4 bxc3 17. Qxc3 Nf6 18. Qc6+ Kf8 19. f3 Bh6 20. Rfb1 Kg7 21. Rb7 h4 22. Raa7 Ng8 23. Kg2 hxg3 24. Nxg3 Bg5 25. Qd5 Bh4 26. e5 dxe5 27. Qxe5+ Bf6 28. Qxb8 Qxd4 29. Rd7 Qh4 30. Bg4 Qh2+ 31. Kf1 Qxc2 32. Rac7 Qa2 33. Rc8 Qa1+ 34. Kg2 Be5 35. Qa7 Qb2+ 36. Qf2 Rh2+ 37. Kxh2 Qxf2+ 38. Kh1 Bxg3 39. Rxg8+ Kxg8 0-1